[Event "AUTO-BEG-593"]
[Site "http://www.queenalice.com/game.php?id=1216635"]
[Date "2013.9.13"]
[Round "1"]
[White "AndreChess"]
[Black "Kinicky"]
[Result "1-0"]
[WhiteElo "1323"]
[BlackElo "1217"]

1. e4 e5 2. Nf3 Bd6 3. Nc3 Nf6 4. Bc4 O-O 5. d3 c6 6. Bg5 b5 7. Bb3 b4 8. Ne2 h6
9. Bh4 c5 10. O-O Nc6 11. Bd5 Ba6 12. Bxc6 dxc6 13. c4 Qb6 14. Bxf6 gxf6 15. b3
Qa5 16. Ng3 Bc8 17. Nh5 Be7 18. h3 f5 19. Nxe5 Qc7 20. d4 cxd4 21. Qxd4 c5 22.
Qb2 fxe4 23. Nc6 Qxc6 24. Qg7# 1-0

[Event "AUTO-BEG-594"]
[Site "http://www.queenalice.com/game.php?id=1219282"]
[Date "2013.9.23"]
[Round "1"]
[White "castropereira"]
[Black "Kinicky"]
[Result "0-1"]
[WhiteElo "1075"]
[BlackElo "1246"]

1. e4 e5 2. Nf3 Bd6 3. h4 h5 4. c4 c5 5. Nh2 Nf6 6. a4 a5 7. Nf3 Nxe4 8. Qc2 f5
9. d3 Nf6 10. Ng5 Nc6 11. f3 Nb4 12. Qd1 O-O 0-1

[Event "AUTO-BEG-594"]
[Site "http://www.queenalice.com/game.php?id=1219310"]
[Date "2013.9.23"]
[Round "1"]
[White "Kinicky"]
[Black "afonte"]
[Result "0-1"]
[WhiteElo "1209"]
[BlackElo "1793"]

1. e4 c5 2. Bc4 e6 3. e5 Nc6 4. Nf3 d6 5. exd6 Bxd6 6. O-O Nf6 7. Nc3 O-O 8. a3
Nd4 9. b4 Nxf3+ 10. Qxf3 cxb4 11. axb4 Bxb4 12. Nb5 Qe7 13. c3 Bc5 14. d4 Bb6
15. Bf4 Rd8 16. Qg3 Nh5 17. Qe3 Bd7 18. Bg5 f6 19. Bf4 Nxf4 20. Qxf4 Bxb5 21.
Bxb5 Rac8 22. Rac1 Bc7 23. Qe4 Qd6 24. Bc4 Qxh2# 0-1

[Event "AUTO-BEG-594"]
[Site "http://www.queenalice.com/game.php?id=1219311"]
[Date "2013.9.23"]
[Round "1"]
[White "afonte"]
[Black "Kinicky"]
[Result "1-0"]
[WhiteElo "1831"]
[BlackElo "1209"]

1. e4 e5 2. Nf3 Nf6 3. Nxe5 Nxe4 4. Qe2 d5 5. d3 Bd6 6. Nf3 O-O 7. dxe4 dxe4 8.
Nd4 c5 9. Nb3 Nc6 10. Be3 b6 11. g3 Nb4 12. Na3 Be6 13. Bg2 Bf5 14. O-O a6 15.
Nc4 Be7 16. a3 Nd5 17. Rad1 a5 18. Nxb6 Qxb6 19. Rxd5 Qe6 20. Rfd1 Bg6 21. Bxc5
Rad8 22. Bxe7 Qxe7 23. Rxd8 Rxd8 24. Rxd8+ Qxd8 25. Bxe4 Qe7 26. Bf3 Qxe2 27.
Bxe2 Bxc2 28. Nxa5 Kf8 29. b4 Ke8 30. b5 Kd7 31. b6 Kc8 32. Ba6+ Kb8 33. Nc6+
Ka8 34. b7# 1-0

[Event "Challenge"]
[Site "http://www.queenalice.com/game.php?id=1234604"]
[Date "2013.11.23"]
[Round "-"]
[White "Kinicky"]
[Black "MERMAID"]
[Result "0-1"]
[WhiteElo "1246"]
[BlackElo "1799"]

1. d4 d5 2. Nc3 g6 3. Nxd5 Qxd5 4. Nf3 f6 5. e3 g5 6. Bd3 Nc6 7. O-O Bg4 8. h3
Bxf3 9. gxf3 O-O-O 10. e4 Qd7 11. c3 e5 12. b4 exd4 13. Bb2 Qxh3 14. b5 Ne5 15.
cxd4 Nxf3+ 16. Qxf3 Qxf3 17. Rad1 Nh6 18. d5 Ng4 0-1

[Event "AUTO-BEG-637"]
[Site "http://www.queenalice.com/game.php?id=1410587"]
[Date "2016.2.22"]
[Round "1"]
[White "Kinicky"]
[Black "carlosantos"]
[Result "0-1"]
[WhiteElo "1236"]
[BlackElo "1442"]

1. e4 e5 2. Nf3 Nc6 3. Bc4 Nf6 4. d3 Be7 5. O-O O-O 6. c3 d5 7. Bxd5 Nxd5 8.
exd5 Qxd5 9. Bg5 Bg4 10. Bxe7 Nxe7 11. h3 Bxf3 12. gxf3 Qd6 13. Na3 Qg6+ 14. Kh2
Nf5 15. Rg1 Qd6 16. Nb5 Qc6 17. Nd4 exd4 18. cxd4 Nxd4 19. Rc1 Qd6+ 20. Kg2 Rae8
21. f4 Ne2 22. Rc2 Nxg1 23. Kxg1 Qxf4 24. Rxc7 Qxc7 0-1

[Event "AUTO-BEG-637"]
[Site "http://www.queenalice.com/game.php?id=1410588"]
[Date "2016.2.22"]
[Round "1"]
[White "carlosantos"]
[Black "Kinicky"]
[Result "1-0"]
[WhiteElo "1429"]
[BlackElo "1255"]

1. e4 e5 2. d4 d5 3. Nc3 c6 4. Nf3 exd4 5. Nxd4 dxe4 6. Nxe4 Nf6 7. Nxf6+ Qxf6
8. Be3 c5 9. Nf3 Qxb2 10. Be2 Nc6 11. O-O Nb4 12. Bb5+ Bd7 13. Qxd7# 1-0

[Event "AUTO-BEG-637"]
[Site "http://www.queenalice.com/game.php?id=1410589"]
[Date "2016.2.22"]
[Round "1"]
[White "Kinicky"]
[Black "DORJJA"]
[Result "0-1"]
[WhiteElo "1255"]
[BlackElo "1179"]

1. e4 e5 2. Nf3 Nc6 3. Bc4 f6 4. Nc3 Bb4 5. a3 Bxc3 6. dxc3 Nge7 7. O-O d6 8. b4
Bg4 9. b5 Na5 10. Be6 Bxe6 11. Be3 c6 12. a4 cxb5 13. axb5 b6 14. Qd3 Bc4 15.
Qd2 Bxf1 16. Kxf1 Rc8 17. g4 Qc7 18. h4 Nc4 19. Qd3 O-O 20. g5 g6 21. gxf6 Rxf6
22. Ke2 Rcf8 23. Ng5 Nxe3 24. Kxe3 h6 25. Ne6 Rxe6 26. c4 Qc5+ 27. Kd2 Qxf2+ 28.
Kc3 Rf3 29. Rd1 Rxd3+ 30. Kxd3 Rf6 31. Kc3 Rf3+ 32. Rd3 Rxd3+ 33. Kxd3 Qd4+ 34.
Ke2 Qxe4+ 35. Kd2 Nf5 36. Kc1 Ne3 37. Kb2 Qxc2+ 38. Ka3 Qxc4 39. Kb2 Nd1+ 40.
Kb1 Qc3 41. Ka2 Qb2# 0-1

[Event "AUTO-BEG-637"]
[Site "http://www.queenalice.com/game.php?id=1410590"]
[Date "2016.2.22"]
[Round "1"]
[White "DORJJA"]
[Black "Kinicky"]
[Result "1-0"]
[WhiteElo "1158"]
[BlackElo "1255"]

1. e4 e5 2. Nf3 d6 3. Nc3 Nf6 4. Bc4 c6 5. d3 Na6 6. Ng5 Ng4 7. h3 Nf6 8. Nxf7
Qe7 9. Nxh8 Be6 10. Ng6 hxg6 11. Bxe6 Qxe6 12. a3 d5 13. exd5 cxd5 14. O-O g5
15. Bxg5 Nd7 16. Qh5+ g6 17. Qf3 Qf5 18. Qg3 Nf6 19. Bxf6 Qxf6 20. Nxd5 Qd6 21.
c4 Nc5 22. Rae1 Nxd3 23. Qxd3 Rc8 24. b3 Rc5 25. Qd4 Bg7 26. f4 Kd8 27. fxe5 Qc6
28. Nb4+ Qd7 29. Qxc5 b6 30. Qd5 Qxd5 31. Nxd5 Kc8 32. Rf7 Bh6 33. e6 Kd8 34.
e7+ Kc8 35. e8=Q# 1-0

[Event "AUTO-BEG-639"]
[Site "http://www.queenalice.com/game.php?id=1424144"]
[Date "2016.5.21"]
[Round "1"]
[White "Kinicky"]
[Black "Narizinho"]
[Result "0-1"]
[WhiteElo "1216"]
[BlackElo "1178"]

1. d4 d5 2. Nf3 Nf6 3. e3 Nc6 4. Nc3 Bg4 5. Nb5 h6 6. Bd3 Qd7 7. O-O e6 8. Bd2
Be7 9. h3 Bf5 10. Nh4 a6 11. Nxf5 exf5 12. c4 dxc4 13. Bxc4 O-O 14. a3 axb5 15.
Bxb5 Bd6 16. Rc1 Be7 17. a4 Bd6 18. Qf3 Qd8 19. d5 Nb8 20. Qxf5 c6 21. Bc4 cxd5
0-1

[Event "Challenge"]
[Site "http://www.queenalice.com/game.php?id=1515223"]
[Date "2018.2.8"]
[Round "-"]
[White "Kinicky"]
[Black "paepum"]
[Result "0-1"]
[WhiteElo "1276"]
[BlackElo "1256"]

1. d4 d5 2. e3 e6 3. Nf3 g5 4. Bd3 Nf6 5. Nxg5 h5 6. O-O b6 7. c4 h4 8. b4 dxc4
9. Bxc4 Bxb4 10. a3 Bd6 11. Nc3 Na6 12. d5 Nxd5 13. Nxd5 Qxg5 14. e4 Qe5 15. Be3
Qxh2# 0-1

[Event "Challenge"]
[Site "http://www.queenalice.com/game.php?id=1517818"]
[Date "2018.2.28"]
[Round "-"]
[White "Kinicky"]
[Black "sorensen_simon"]
[Result "0-1"]
[WhiteElo "1259"]
[BlackElo "1176"]

1. e4 e5 2. Nf3 Nc6 3. c3 a6 4. d4 Nf6 5. dxe5 Nxe4 6. Nbd2 d5 7. c4 Bc5 8. Be2
Nxf2 9. Qb3 Nxh1 10. cxd5 Nd4 11. Qc3 Qxd5 12. Nb3 Nxe2 13. Kxe2 Qe4+ 14. Be3
Bxe3 15. Qxe3 Qxe3+ 16. Kxe3 Be6 17. Na5 b6 18. Nb7 Bd5 19. Rc1 Bxb7 20. Rxc7
Bxf3 21. Kxf3 O-O 22. Rc1 Rfe8 23. Rxh1 Rxe5 24. g4 Rd8 25. Rc1 g6 26. Kf4 Re2
27. h3 Rd4+ 28. Kf3 Rxb2 29. Re1 g5 30. Re4 Rd3+ 31. Re3 Rxe3+ 32. Kxe3 Rxa2 0-1

[Event "Challenge"]
[Site "http://www.queenalice.com/game.php?id=1517822"]
[Date "2018.2.28"]
[Round "-"]
[White "Kinicky"]
[Black "Afdal"]
[Result "0-1"]
[WhiteElo "1259"]
[BlackElo "1179"]

1. e4 Nf6 2. d3 c5 3. Nf3 Qa5+ 4. Bd2 Qc7 5. d4 Nxe4 6. Be3 Qa5+ 7. Nfd2 cxd4 8.
Bxd4 h5 9. Nc3 f5 10. Nc4 Qb4 11. a3 Nxc3 12. bxc3 Qb5 13. a4 Qd5 14. Qf3 Qe4+
15. Qxe4 fxe4 16. Be2 g6 17. Ne5 Rh6 18. g4 d6 19. Nc4 hxg4 20. Rg1 Rxh2 21.
Rxg4 Rh1+ 22. Bf1 Bxg4 23. Ne3 Bf3 24. Kd2 Nd7 25. Ra3 Nf6 26. Bg2 Rg1 27. Bxf3
exf3 28. c4 Nh5 29. c5 dxc5 30. Bxc5 Nf4 31. Nd5 Nxd5 32. Rxf3 b6 33. Bd4 Bh6+
34. Kd3 Nb4+ 35. Kc3 Rb1 36. Rh3 Rc8+ 37. Bc5 Bg7+ 38. Kc4 Rxc5# 0-1